[Event "GER-chT U20"]
[Site "Osnabrueck"]
[Date "2013.12.29"]
[Round "5.2"]
[White "Beinke, Lukas"]
[Black "Tran, Duc Cuong"]
[Result "0-1"]
[WhiteElo "1927"]
[BlackElo "2047"]
[PlyCount "120"]
[EventDate "2013.12.27"]
[EventType "team-swiss"]
[EventRounds "7"]
[EventCountry "GER"]
[SourceTitle "EXT 2015"]
[Source "ChessBase"]
[SourceDate "2014.11.20"]
[SourceVersion "1"]
[SourceVersionDate "2014.11.20"]
[SourceQuality "1"]
[WhiteTeam "Hagen"]
[BlackTeam "Lippstadt Turm"]
[WhiteTeamCountry "GER"]
[BlackTeamCountry "GER"]

1. e4 c5 2. c4 Nc6 3. Ne2 e5 4. Nbc3 g6 5. g3 Bg7 6. Bg2 d6 7. 0-0 Be6 8. d3 Qd7 9. f4 h5 10. Be3 Nd4 11. Bxd4 cxd4 12. Nd5 h4 13. Qd2 Bxd5 14. exd5 Nh6 15. fxe5 dxe5 16. c5 0-0 17. c6 bxc6 18. dxc6 Qd6 19. Rfc1 Nf5 20. c7 Bh6 21. Qxh6 Nxh6 22. Bxa8 Rc8 23. Rc6 Qd7 24. Rac1 Qh3 25. Kf2 Qxh2+ 26. Ke1 Rxa8 27. Rd6 e4 28. Rd8+ Kg7 29. Kd2 e3+ 30. Kc2 Qxe2+ 31. Kb1 Qxd3+ 32. Ka1 Rxd8 33. cxd8Q Qd2 34. Kb1 e2 35. Qe8 Qd3+ 36. Ka1 hxg3 37. a3 g2 38. Qe5+ Kh7 39. Ka2 Qf5 40. Qxe2 Qd5+ 41. Ka1 Nf5 42. Rg1 Ne3 43. Qf2 Kg7 44. Rc1 Qg5 45. Ka2 Qg4 46. Rg1 Qe6+ 47. Ka1 Qc4 48. Rxg2 Nxg2 49. Qxg2 Qc1+ 50. Ka2 Qe3 51. Qc2 g5 52. a4 d3 53. Qc3+ Kg6 54. Ka3 Qe2 55. Qc6+ f6 56. Qd5 d2 57. Qg8+ Kh5 58. Qh7+ Kg4 59. Qd7+ Kg3 60. Qd6+ Kg2 0-1

[Event "NRW Class1 1213"]
[Site "Germany"]
[Date "2013.02.17"]
[Round "6.4"]
[White "Tran, Duc Cuong"]
[Black "Schleining, Zoya"]
[Result "0-1"]
[WhiteElo "2036"]
[BlackElo "2332"]
[PlyCount "68"]
[EventDate "2012.09.16"]
[EventType "team-tourn"]
[EventRounds "9"]
[EventCountry "GER"]
[SourceTitle "EXT 2017"]
[Source "ChessBase"]
[SourceDate "2016.10.25"]
[SourceVersion "1"]
[SourceVersionDate "2016.10.25"]
[SourceQuality "1"]
[WhiteTeam "Lippstadt Turm"]
[BlackTeam "Hattingen"]
[WhiteTeamCountry "GER"]
[BlackTeamCountry "GER"]

1. d4 Nf6 2. c4 g6 3. Nc3 Bg7 4. e4 0-0 5. Be3 d6 6. h3 e5 7. d5 Na6 8. Nf3 Nc5 9. Qc2 a5 10. Be2 Ne8 11. g4 Bd7 12. 0-0-0 a4 13. Nd2 a3 14. b3 f5 15. gxf5 gxf5 16. Rdg1 f4 17. Bxc5 dxc5 18. Bg4 f3 19. Qd3 Kh8 20. Kb1 Ra6 21. Nd1 Raf6 22. Ne3 Nd6 23. Ndf1 b5 24. Bxd7 bxc4 25. Nxc4 Qxd7 26. Nxd6 cxd6 27. Ne3 Rg6 28. Nf5 c4 29. Qxf3 cxb3 30. axb3 a2+ 31. Kxa2 Qa7+ 32. Kb2 Rxg1 33. Rxg1 Ra8 34. Ne3 Qd4+ 0-1

[Event "NRW Class2 1112"]
[Site "Germany"]
[Date "2012.03.04"]
[Round "7.7"]
[White "Tran, Duc Cuong"]
[Black "Weyrauch, Erich"]
[Result "1/2-1/2"]
[WhiteElo "2049"]
[BlackElo "1991"]
[PlyCount "146"]
[EventDate "2011.09.18"]
[EventType "team-tourn"]
[EventRounds "9"]
[EventCountry "GER"]
[SourceTitle "EXT 2015"]
[Source "ChessBase"]
[SourceDate "2014.11.20"]
[SourceVersion "1"]
[SourceVersionDate "2014.11.20"]
[SourceQuality "1"]
[WhiteTeam "Lippstadt Turm"]
[BlackTeam "Letmathe"]
[WhiteTeamCountry "GER"]
[BlackTeamCountry "GER"]

1. e4 c5 2. Nf3 d6 3. d4 cxd4 4. Nxd4 Nf6 5. Nc3 g6 6. g3 Bg7 7. Bg2 0-0 8. 0-0 Nc6 9. Nde2 a6 10. h3 Bd7 11. a4 Rc8 12. Be3 Qa5 13. Qd2 Be6 14. Rfd1 Bc4 15. Rac1 Bxe2 16. Qxe2 Qb4 17. Rb1 Ne5 18. Bd4 Qc4 19. Qd2 Nc6 20. Bxf6 Bxf6 21. Nd5 Qc5 22. b4 Qa7 23. Nxf6+ exf6 24. Qf4 Nd4 25. Qe3 Nc6 26. Qxa7 Nxa7 27. Rxd6 Rxc2 28. e5 Nc8 29. Rxf6 Rc7 30. b5 axb5 31. Rxb5 b6 32. Bd5 Kg7 33. Kg2 Rd8 34. Rf4 Na7 35. Bc4 Nxb5 36. Bxb5 Re7 37. Rf6 Re6 38. Rf3 Rxe5 39. Bc4 f6 40. Rb3 Rd6 41. Bb5 Rc5 42. Rb2 Kf7 43. Re2 Rd8 44. Kf3 Rc3+ 45. Kg2 f5 46. Rb2 Kf6 47. Re2 Rc5 48. Kf3 h6 49. Kg2 Rdd5 50. Rb2 Rd6 51. Re2 Rcd5 52. Re8 Rxb5 53. axb5 Rd5 54. Rc8 Rxb5 55. Rc6+ Kg5 56. h4+ Kh5 57. f3 g5 58. hxg5 hxg5 59. Rf6 Rb2+ 60. Kf1 b5 61. Rxf5 Kg6 62. Rc5 b4 63. Rb5 b3 64. Kg1 Kf6 65. Kh1 Ke6 66. f4 gxf4 67. gxf4 Kd6 68. f5 Kc6 69. Rb8 Kd5 70. f6 Ke6 71. Rb6+ Kf7 72. Kg1 Kg6 73. Kf1 Rb1+ 1/2-1/2

[Event "NRW Class2 1112"]
[Site "Germany"]
[Date "2011.12.04"]
[Round "4.8"]
[White "Tran, Duc Cuong"]
[Black "Valkyser, Martin"]
[Result "1/2-1/2"]
[WhiteElo "2049"]
[BlackElo "2170"]
[PlyCount "71"]
[EventDate "2011.09.18"]
[EventType "team-tourn"]
[EventRounds "9"]
[EventCountry "GER"]
[SourceTitle "EXT 2015"]
[Source "ChessBase"]
[SourceDate "2014.11.20"]
[SourceVersion "1"]
[SourceVersionDate "2014.11.20"]
[SourceQuality "1"]
[WhiteTeam "Lippstadt Turm"]
[BlackTeam "Katernberg II"]
[WhiteTeamCountry "GER"]
[BlackTeamCountry "GER"]

1. Nf3 g6 2. g3 Bg7 3. d4 d6 4. Bg2 c5 5. 0-0 cxd4 6. Nxd4 Qb6 7. Nb3 Qc7 8. e4 Nf6 9. Nc3 0-0 10. h3 Nc6 11. Nd5 Nxd5 12. exd5 Ne5 13. Nd4 a6 14. a4 Bd7 15. Kh2 Nc4 16. b3 Qb6 17. c3 Bxd4 18. cxd4 Na5 19. Bh6 Nxb3 20. Bxf8 Kxf8 21. Ra3 Nxd4 22. Qa1 Kg8 23. Rb1 Qa7 24. Qb2 b5 25. Re1 Bf5 26. axb5 Nxb5 27. Rae3 Re8 28. Qe2 Kf8 29. g4 Bc8 30. Re4 e5 31. dxe6 Bxe6 32. Qf3 Kg8 33. Qf6 Nc7 34. Rf4 d5 35. Rc1 Nb5 36. Qe5 1/2-1/2

[Event "GER-chT Lands U21"]
[Site "Xanten"]
[Date "2011.11.02"]
[Round "5.3"]
[White "Tran, Duc Cuong"]
[Black "Carow, Johannes"]
[Result "1/2-1/2"]
[WhiteElo "2072"]
[BlackElo "2189"]
[PlyCount "67"]
[EventDate "2011.10.31"]
[EventType "team-swiss"]
[EventRounds "7"]
[EventCountry "GER"]
[SourceTitle "EXT 2022"]
[Source "ChessBase"]
[SourceDate "2021.10.06"]
[SourceVersion "1"]
[SourceVersionDate "2021.10.06"]
[SourceQuality "1"]
[WhiteTeam "Nordrhein Westfalen U21"]
[BlackTeam "Rheinland Pfalz U21"]
[WhiteTeamCountry "GER"]
[BlackTeamCountry "GER"]

1. Nf3 c5 2. g3 Nc6 3. d4 cxd4 4. Nxd4 g6 5. Nxc6 bxc6 6. Bg2 Bg7 7. 0-0 Nf6 8. c4 0-0 9. Nc3 Rb8 10. Qc2 Qb6 11. b3 d6 12. Bb2 c5 13. Rad1 Bb7 14. Rfe1 Bxg2 15. Kxg2 a5 16. e4 Nd7 17. Nd5 Qd8 18. Bxg7 Kxg7 19. a4 Ne5 20. Nc3 Nc6 21. Nb5 Qb6 22. h4 Nd4 23. Qc3 e5 24. h5 f5 25. Rh1 g5 26. h6+ Kh8 27. Rh5 Qd8 28. Qd3 f4 29. Nxd4 cxd4 30. Qf3 fxg3 31. Qxg3 g4 32. Rd3 Rf4 33. Rxd4 Qb6 34. Rd3 1/2-1/2

[Event "GER-ch U16"]
[Site "Oberhof"]
[Date "2011.06.12"]
[Round "2"]
[White "Tran, Duc Cuong"]
[Black "Miller, Eduard"]
[Result "1/2-1/2"]
[WhiteElo "1986"]
[BlackElo "2118"]
[PlyCount "64"]
[EventDate "2011.06.11"]
[EventType "swiss"]
[EventRounds "9"]
[EventCountry "GER"]
[SourceTitle "CBM 142 Extra"]
[Source "ChessBase"]
[SourceDate "2011.06.27"]
[SourceVersion "1"]
[SourceVersionDate "2011.06.27"]
[SourceQuality "1"]

1. d4 Nf6 2. Nf3 g6 3. Nc3 d5 4. Bf4 c6 5. e3 Bf5 6. Be2 Bg7 7. Ne5 0-0 8. g4 Be6 9. h4 Nfd7 10. Nxd7 Nxd7 11. Qd2 b5 12. h5 a6 13. hxg6 fxg6 14. Bh6 Bxh6 15. Rxh6 Nf6 16. f3 Qc7 17. 0-0-0 c5 18. dxc5 Qxc5 19. Rdh1 b4 20. Na4 Qa5 21. b3 Rf7 22. Kb1 Bd7 23. g5 Nh5 24. Nb6 Qxb6 25. R1xh5 Qc5 26. Rh4 Bf5 27. Bd3 Bxd3 28. Qxd3 Qc3 29. Rxh7 Rxh7 30. Qxd5+ Kg7 31. Rxh7+ Kxh7 32. Qxa8 Qe1+ 1/2-1/2

[Event "GER-ch U16"]
[Site "Oberhof"]
[Date "2011.06.12"]
[Round "1"]
[White "Tran, Duc Cuong"]
[Black "Stoevesand, Eric"]
[Result "1-0"]
[WhiteElo "1986"]
[BlackElo "1864"]
[PlyCount "67"]
[EventDate "2011.06.11"]
[EventType "swiss"]
[EventRounds "9"]
[EventCountry "GER"]
[SourceTitle "CBM 142 Extra"]
[Source "ChessBase"]
[SourceDate "2011.06.27"]
[SourceVersion "1"]
[SourceVersionDate "2011.06.27"]
[SourceQuality "1"]

1. d4 d5 2. Nf3 Nf6 3. e3 e6 4. Bd3 Be7 5. 0-0 Nbd7 6. b3 0-0 7. Bb2 b6 8. Ne5 Nxe5 9. dxe5 Ne8 10. Nd2 g6 11. e4 c5 12. f4 Ng7 13. Qg4 f5 14. exf5 exf5 15. Qf3 Rb8 16. a4 Bb7 17. Rad1 Qc7 18. Qg3 Rbd8 19. Kh1 a6 20. Rfe1 Ne6 21. h4 Ng7 22. Be2 Qc6 23. Bf3 Qc8 24. h5 Qe6 25. h6 Ne8 26. Be2 Nc7 27. Nf3 Qc6 28. e6 Nxe6 29. Ne5 Qe8 30. Bh5 Rf6 31. Nxg6 Rxg6 32. Bxg6 hxg6 33. Rxe6 Rd6 34. h7+ 1-0

[Event "GER-chT U16"]
[Site "Naumburg"]
[Date "2010.12.30"]
[Round "7.1"]
[White "Tran, Duc Cuong"]
[Black "Hinrichs, Jan"]
[Result "1/2-1/2"]
[WhiteElo "1945"]
[BlackElo "1885"]
[PlyCount "51"]
[EventDate "2010.12.27"]
[EventType "team-swiss"]
[EventRounds "7"]
[EventCountry "GER"]
[SourceTitle "CBM 140 Extra"]
[Source "ChessBase"]
[SourceDate "2011.03.01"]
[SourceVersion "1"]
[SourceVersionDate "2011.03.01"]
[SourceQuality "1"]
[WhiteTeam "Lippstadt Turm"]
[BlackTeam "Hamburger SK"]
[WhiteTeamCountry "GER"]
[BlackTeamCountry "GER"]

1. e4 c5 2. Nf3 e6 3. d4 cxd4 4. Nxd4 Bc5 5. Nb3 Bb6 6. c4 Ne7 7. Nc3 0-0 8. Be2 Nbc6 9. 0-0 f5 10. c5 Bc7 11. f4 fxe4 12. Nxe4 b6 13. Bc4 bxc5 14. Nexc5 d5 15. Bd3 e5 16. fxe5 Nxe5 17. Bg5 Rxf1+ 18. Qxf1 Bb6 19. Re1 Qd6 20. Kh1 N7c6 21. Bf4 Bxc5 22. Nxc5 Qxc5 23. Bxe5 Nxe5 24. Rxe5 Bb7 25. Bxh7+ Kxh7 26. Qf5+ 1/2-1/2

[Event "GER-chT U16"]
[Site "Naumburg"]
[Date "2010.12.29"]
[Round "5.1"]
[White "Tran, Duc Cuong"]
[Black "Cofman, Veaceslav"]
[Result "1/2-1/2"]
[WhiteElo "1945"]
[BlackElo "2026"]
[PlyCount "45"]
[EventDate "2010.12.27"]
[EventType "team-swiss"]
[EventRounds "7"]
[EventCountry "GER"]
[SourceTitle "CBM 140 Extra"]
[Source "ChessBase"]
[SourceDate "2011.03.01"]
[SourceVersion "1"]
[SourceVersionDate "2011.03.01"]
[SourceQuality "1"]
[WhiteTeam "Lippstadt Turm"]
[BlackTeam "Karlsruhe"]
[WhiteTeamCountry "GER"]
[BlackTeamCountry "GER"]

1. d4 d5 2. Nf3 Nf6 3. e3 Bf5 4. c4 c6 5. Nc3 dxc4 6. Bxc4 e6 7. 0-0 Nbd7 8. Qe2 Bg4 9. h3 Bh5 10. Rd1 Qc7 11. e4 e5 12. d5 Bb4 13. dxc6 bxc6 14. Bg5 Bxc3 15. bxc3 0-0 16. Qe3 Rfe8 17. Rdb1 Rab8 18. Rb3 Rb6 19. Rab1 Reb8 20. Ne1 Ne8 21. Be7 Rxb3 22. Bxb3 c5 23. c4 1/2-1/2

[Event "GER-chT U16"]
[Site "Naumburg"]
[Date "2010.12.27"]
[Round "2.1"]
[White "Tran, Duc Cuong"]
[Black "Friedt, Marius"]
[Result "1-0"]
[WhiteElo "1945"]
[BlackElo "1775"]
[PlyCount "77"]
[EventDate "2010.12.27"]
[EventType "team-swiss"]
[EventRounds "7"]
[EventCountry "GER"]
[SourceTitle "CBM 140 Extra"]
[Source "ChessBase"]
[SourceDate "2011.03.01"]
[SourceVersion "1"]
[SourceVersionDate "2011.03.01"]
[SourceQuality "1"]
[WhiteTeam "Lippstadt Turm"]
[BlackTeam "Erfurt SK"]
[WhiteTeamCountry "GER"]
[BlackTeamCountry "GER"]

1. e4 c5 2. Nf3 Nc6 3. d4 cxd4 4. Nxd4 g6 5. Be3 Bg7 6. c4 Nf6 7. Nc3 0-0 8. Be2 d6 9. 0-0 Bd7 10. f3 a5 11. Qd2 a4 12. Rfd1 Qa5 13. Rac1 a3 14. b3 Nb4 15. Bf1 Bc6 16. Bh6 Nd7 17. Bxg7 Kxg7 18. Kh1 Nc5 19. h4 Bd7 20. Qe3 Nc6 21. Nd5 Qd8 22. Qf2 Be6 23. Ne3 Qb6 24. Nec2 Kg8 25. Nb5 f5 26. b4 Na4 27. Qxb6 Nxb6 28. Nc7 Bxc4 29. Bxc4+ Nxc4 30. Nxa8 Rxa8 31. exf5 gxf5 32. Nd4 Nb2 33. Rd2 Nxb4 34. Nb5 Nxa2 35. Ra1 Nb4 36. Rxb2 axb2 37. Rxa8+ Kf7 38. Nc3 Nd5 39. Nb1 1-0

[Event "NRW Class1 1011"]
[Site "Germany"]
[Date "2010.12.19"]
[Round "4.7"]
[White "Tran, Duc Cuong"]
[Black "Babar, Michael"]
[Result "1-0"]
[WhiteElo "1958"]
[BlackElo "2213"]
[PlyCount "93"]
[EventDate "2010.09.26"]
[EventType "team-tourn"]
[EventRounds "9"]
[EventCountry "GER"]
[SourceTitle "EXT 2012"]
[Source "ChessBase"]
[SourceDate "2011.11.24"]
[SourceVersion "1"]
[SourceVersionDate "2011.11.24"]
[SourceQuality "1"]
[WhiteTeam "Lippstadt Turm"]
[BlackTeam "Dortmund Hansa II"]
[WhiteTeamCountry "GER"]
[BlackTeamCountry "GER"]

1. d4 f5 2. Bg5 g6 3. Nd2 d5 4. c4 c6 5. e3 Bg7 6. Rc1 h6 7. Bh4 Nf6 8. cxd5 Qxd5 9. Ngf3 Qxa2 10. Nc4 b5 11. Ra1 Qxa1 12. Qxa1 bxc4 13. Bxc4 Nd5 14. Qa5 Be6 15. Bxd5 cxd5 16. 0-0 Nd7 17. Rc1 Kf7 18. h3 Rhb8 19. Rc2 Rb7 20. Bg3 Bf6 21. b4 Nb6 22. Qa6 Rd7 23. Rc6 Rg8 24. Bc7 Nc8 25. Nd2 Nd6 26. Nb3 Rc8 27. Ba5 Rxc6 28. Qxc6 Rb7 29. Nc5 Rb8 30. Qa6 Ra8 31. Bc7 Rc8 32. Bxd6 exd6 33. Qxd6 Re8 34. Nxe6 Rxe6 35. Qxd5 Be7 36. Qc4 Kf6 37. d5 Rd6 38. f3 Bd8 39. Kf1 Bb6 40. e4 fxe4 41. fxe4 Ke5 42. Ke2 Rf6 43. Kd3 Rf2 44. Qc3+ Kf4 45. Qf6+ Kg3 46. Qxg6+ Kh2 47. e5 1-0

[Event "Moehnesee Cup 36th"]
[Site "Moehnesee"]
[Date "2010.08.28"]
[Round "4"]
[White "Falter, Lennart"]
[Black "Tran, Duc Cuong"]
[Result "1/2-1/2"]
[WhiteElo "1843"]
[BlackElo "1958"]
[PlyCount "40"]
[EventDate "2010.08.26"]
[EventType "swiss"]
[EventRounds "7"]
[EventCountry "GER"]
[SourceTitle "EXT 2011"]
[Source "ChessBase"]
[SourceDate "2010.11.26"]
[SourceVersion "1"]
[SourceVersionDate "2010.11.26"]
[SourceQuality "1"]

1. e4 e5 2. Nf3 d6 3. d4 exd4 4. Nxd4 Nf6 5. Nc3 Be7 6. Be3 0-0 7. Be2 Re8 8. f3 Bf8 9. Bg5 c6 10. Qd2 Nbd7 11. 0-0-0 Qc7 12. Nf5 d5 13. exd5 Nxd5 14. Nxd5 cxd5 15. Bb5 a6 16. Bxd7 Bxd7 17. Ne3 Be6 18. Nxd5 Bxd5 19. Qxd5 h6 20. Bd2 Rad8 1/2-1/2

[Event "Lippe Cup 06th"]
[Site "Lieme"]
[Date "2009.10.17"]
[Round "2"]
[White "Ruerup, Hans Heinz"]
[Black "Tran, Duc Cuong"]
[Result "1-0"]
[WhiteElo "2046"]
[BlackElo "1877"]
[PlyCount "97"]
[EventDate "2009.10.16"]
[EventType "swiss"]
[EventRounds "5"]
[EventCountry "GER"]
[SourceTitle "EXT 2012"]
[Source "ChessBase"]
[SourceDate "2011.11.24"]
[SourceVersion "1"]
[SourceVersionDate "2011.11.24"]
[SourceQuality "1"]

1. e4 c5 2. Nc3 Nc6 3. Bb5 a6 4. Bxc6 dxc6 5. f4 Qc7 6. d3 Nf6 7. Nf3 Bg4 8. 0-0 Bxf3 9. Qxf3 e5 10. fxe5 Qxe5 11. Bf4 Qe6 12. b3 Be7 13. Ne2 0-0 14. Ng3 Bd6 15. Nf5 Bxf4 16. Qxf4 Ne8 17. Rf3 Rd8 18. Raf1 Nd6 19. a4 a5 20. Ne3 Rde8 21. Nc4 Nxc4 22. bxc4 Qe5 23. Qxe5 Rxe5 24. Rb1 Rb8 25. Rb6 Re7 26. Rf5 Rc7 27. Rxc5 Ra8 28. Kf2 Kf8 29. Ke3 Ke7 30. d4 f6 31. Rh5 h6 32. Kd3 Rd7 33. d5 Kd6 34. Kd4 Kc7 35. c5 Re8 36. c4 Rdd8 37. Rh3 Rd7 38. Rhb3 Kc8 39. d6 Re5 40. Rf3 Kd8 41. g4 Rg5 42. h3 Re5 43. Rf5 Rxf5 44. gxf5 Ke8 45. e5 fxe5+ 46. Kxe5 Kf7 47. Rb1 Ke8 48. Rg1 Rf7 49. h4 1-0

[Event "Lippe Cup 06th"]
[Site "Lieme"]
[Date "2009.10.16"]
[Round "1"]
[White "Tran, Duc Cuong"]
[Black "Thanisch, Matthias"]
[Result "1/2-1/2"]
[WhiteElo "1877"]
[BlackElo "2082"]
[PlyCount "21"]
[EventDate "2009.10.16"]
[EventType "swiss"]
[EventRounds "5"]
[EventCountry "GER"]
[SourceTitle "EXT 2013"]
[Source "ChessBase"]
[SourceDate "2012.11.22"]
[SourceVersion "1"]
[SourceVersionDate "2012.11.22"]
[SourceQuality "1"]

1. e4 c6 2. d4 d5 3. e5 Bf5 4. Bd3 Bxd3 5. Qxd3 e6 6. Nf3 Qa5+ 7. Bd2 Qa6 8. Qxa6 Nxa6 9. 0-0 Ne7 10. Nc3 Nf5 11. Ne2 1/2-1/2

[Event "NRW-ch U14"]
[Site "Kranenburg"]
[Date "2009.04.15"]
[Round "4"]
[White "Tran, Duc Cuong"]
[Black "Takeuchi, Eiki"]
[Result "1/2-1/2"]
[WhiteElo "1771"]
[BlackElo "1930"]
[PlyCount "115"]
[EventDate "2009.04.13"]
[EventType "swiss"]
[EventRounds "7"]
[EventCountry "GER"]
[SourceTitle "EXT 2010"]
[Source "ChessBase"]
[SourceDate "2010.11.25"]
[SourceVersion "1"]
[SourceVersionDate "2010.11.25"]
[SourceQuality "1"]

1. e4 g6 2. Nf3 Bg7 3. Bc4 d6 4. Nc3 a6 5. a4 e6 6. d4 Ne7 7. 0-0 0-0 8. Re1 Nd7 9. e5 d5 10. Bf1 b6 11. Ne2 c5 12. c3 Qc7 13. Bg5 Nc6 14. Qd2 f6 15. exf6 Nxf6 16. Bf4 Qe7 17. Nc1 Ne4 18. Qe3 Qf6 19. Be5 Nxe5 20. dxe5 Qf5 21. Bd3 Bb7 22. Ne2 Qh5 23. Ng3 Nxg3 24. hxg3 Bh6 25. Qe2 Rf7 26. Nh2 Qxe2 27. Rxe2 g5 28. Rae1 Bg7 29. Ng4 Bc8 30. Nh2 Bd7 31. Nf3 h6 32. b3 Bc6 33. Bg6 Rd7 34. Nh2 d4 35. cxd4 Rxd4 36. Nf3 Bxf3 37. gxf3 Rad8 38. Kg2 Rb4 39. Bc2 Rdd4 40. Rd1 Kf7 41. Kf1 Ke7 42. Ke1 Kd7 43. Rxd4+ Rxd4 44. Re4 Rxe4+ 45. Bxe4 Bxe5 46. Bd3 a5 47. Ke2 Ke7 48. g4 Kf6 49. Ke3 Bd4+ 50. Ke2 Ke5 51. Bc4 Bb2 52. Ke3 Bc1+ 53. Kd3 Bf4 54. Bb5 Bh2 55. Ke3 Bg1 56. Bc4 Kd6 57. Ke2 Ke5 58. Ke3 1/2-1/2

[Event "NRW-ch U14"]
[Site "Kranenburg"]
[Date "2009.04.13"]
[Round "1"]
[White "Simanowski, Mio"]
[Black "Tran, Duc Cuong"]
[Result "1/2-1/2"]
[WhiteElo "1432"]
[BlackElo "1771"]
[PlyCount "68"]
[EventDate "2009.04.13"]
[EventType "swiss"]
[EventRounds "7"]
[EventCountry "GER"]
[SourceTitle "EXT 2010"]
[Source "ChessBase"]
[SourceDate "2010.11.25"]
[SourceVersion "1"]
[SourceVersionDate "2010.11.25"]
[SourceQuality "1"]

1. e4 c5 2. Nf3 e6 3. d4 cxd4 4. Nxd4 a6 5. Nc3 Qc7 6. Be2 Nf6 7. Bg5 Bb4 8. 0-0 Bxc3 9. Bxf6 gxf6 10. bxc3 Qxc3 11. Rb1 d6 12. Rb3 Qc7 13. Qd2 Nc6 14. Qc3 e5 15. Nxc6 bxc6 16. Qg3 Be6 17. Rf3 Qe7 18. Qg7 Kd7 19. Rb1 Kc7 20. Bxa6 Rhb8 21. Rxb8 Rxb8 22. h3 Rb2 23. Bd3 Rxa2 24. Qxh7 d5 25. exd5 cxd5 26. Bf5 d4 27. Bxe6 Qxe6 28. Qe4 Ra6 29. Rb3 Rc6 30. Qe2 Qd5 31. h4 f5 32. h5 f4 33. Rb5 Rc5 34. Rxc5+ Qxc5 1/2-1/2